000 00575nam a2200205 a 4500
999 _c6431
_d6431
001 6431
003 BD-JhCC
005 20180123193624.0
008 180123s1976 bg ||||| |||| 00| 0 ben d
035 _a(BD-JhCC)
040 _aBD-JhCC
_dBD-JhCC
041 _aben
082 _a297.18
_bHAZ
245 _aহযরত ইবরাহীম (আঃ) ও নমরুদ /
260 _aঢাকা :
_bরহমানিয়া লাইব্রেরী,
_c১৯৭৬
300 _a108 p. :
_c20cm.
600 _aProphet Irahim (AS)
942 _2ddc
_cBK